| 000 | 00422nam a2200181Ia 4500 | ||
|---|---|---|---|
| 100 | _aBolton/W | ||
| 650 | _aMechatronics | ||
| 250 | _a3 | ||
| 942 | _cBK | ||
| 366 | _f25 | ||
| 654 | _amechatronics | ||
| 245 | _aMechatronics:Electronic control system in Mechanical and electrical engineering | ||
| 260 |
_bPearson Education _c2003 |
||
| 082 |
_a621.381 _bBOL |
||
| 300 | _a590 | ||
| 546 | _aENGLISH | ||
| 999 |
_c31209 _d31209 |
||